Województwa w 1 minutę - Statystyki

Ogólne statystyki
  • Ten quiz został rozwiązany 41 razy
  • Średni wynik to 13 z 16
Statystyki odpowiedzi
Podpowiedź Odpowiedź % Poprawnych
Brak :( Pomorskie
94%
Brak :( Lubuskie
91%
Brak :( Opolskie
91%
Brak :( Lubelskie
88%
Brak :( Mazowieckie
88%
Brak :( Śląskie
88%
Brak :( Dolnośląskie
85%
Brak :( Zachodniopomorskie
79%
Brak :( Łódzkie
76%
Brak :( Małopolskie
76%
Brak :( Podlaskie
76%
Brak :( Podkarpackie
74%
Brak :( Świętokrzyskie
74%
Brak :( Wielkopolskie
74%
Brak :( Warmińsko-Mazurskie
71%
Brak :( Kujawsko-Pomorskie
68%
Nie znaleziono quizów pasujących do podanych kryteriów
Rozkład punktacji
Procent ludzi z każdym wynikiem
Percentyl według liczby udzielonych odpowiedzi
Twoja historia wyników
Nie rozwiązałeś tego quizu